Targum Chronicles and Its Place Among the Late Targums /
Targum Chronicles and Its Place Among the Late Targums heralds a paradigm shift in the understanding of many of the Jewish-Aramaic translations of individual biblical books and their origins. Leeor Gottlieb provides the most extensive study of Targum Chronicles to date, leading to conclusions that c...
المؤلف الرئيسي:
التنسيق: كتاب الكتروني
اللغة: English
منشور في:
Leiden; Boston :
BRILL,
2020.
سلاسل:
Supplement to Aramaic Studies;
16.
Biblical Studies, Ancient Near East and Early Christianity E-Books Online, Collection 2020, ISBN: 9789004407367.
الموضوعات:
الوصول للمادة أونلاين: Login to view Source
الوسوم: إضافة وسم
رقم الطلب: BS511.2
| LEADER | 02470nam a22004451i 4500 | ||
|---|---|---|---|
| 001 | BRILL9789004417632 | ||
| 003 | nllekb | ||
| 005 | 20210602101359.0 | ||
| 006 | m d | ||
| 007 | cr un uuuua | ||
| 008 | 200210s2020 ne sb 001 0 eng d | ||
| 020 | |a 9789004417632 |q (electronic book) | ||
| 020 | |a 9789004416970 |q (print) | ||
| 024 | 7 | |a 10.1163/9789004417632 |2 DOI | |
| 035 | |z (OCoLC)1117556968 | ||
| 040 | |a NL-LeKB |c NL-LeKB |e rda | ||
| 050 | 4 | |a BS511.2 | |
| 072 | 7 | |a HRJ |2 bicssc | |
| 072 | 7 | |a REL |x 040000 |2 bisacsh | |
| 082 | 0 | 4 | |a 220.61 |2 23 |
| 100 | 1 | |a Gottlieb, Leoor, |e author. | |
| 245 | 1 | 0 | |a Targum Chronicles and Its Place Among the Late Targums / |c Leoor Gottlieb. |
| 264 | 1 | |a Leiden; |a Boston : |b BRILL, |c 2020. | |
| 300 | |a 1 online resource. | ||
| 336 | |a text |b txt |2 rdacontent | ||
| 337 | |a computer |b c |2 rdamedia | ||
| 338 | |a online resource |2 rdacarrier | ||
| 490 | 1 | |a Supplement to Aramaic Studies; |v 16 | |
| 490 | 1 | |a Biblical Studies, Ancient Near East and Early Christianity E-Books Online, Collection 2020, ISBN: 9789004407367 | |
| 520 | |a Targum Chronicles and Its Place Among the Late Targums heralds a paradigm shift in the understanding of many of the Jewish-Aramaic translations of individual biblical books and their origins. Leeor Gottlieb provides the most extensive study of Targum Chronicles to date, leading to conclusions that challenge long-accepted truisms with regard to the origin of Targums. This book's trail of evidence convincingly points to the composition of Targums in a time and place that was heretofore not expected to be the provenance of these Aramaic gems of biblical interpretation. This study also offers detailed comparisons to other Targums and fascinating new explanations for dozens of aggadic expansions in Targum Chronicles, tying them to their rabbinic sources. | ||
| 588 | |a Description based on print version record. | ||
| 650 | 0 | |a Bible. | |
| 650 | 0 | |a Hermeneutics. | |
| 776 | 0 | 8 | |i Print version: |t Targum Chronicles and Its Place Among the Late Targums, |d Leiden Boston : BRILL, 2020 |w 9789004416970 |
| 830 | 0 | |a Supplement to Aramaic Studies; |v 16. | |
| 830 | 0 | |a Biblical Studies, Ancient Near East and Early Christianity E-Books Online, Collection 2020, ISBN: 9789004407367. | |
| 856 | 4 | |z DOI: |u http://dx.doi.org/10.1163/9789004417632 | |
| 942 | |c EBOOK | ||
| 952 | |0 0 |1 0 |4 0 |7 1 |9 14329 |a BRILL |b BRILL |d 2021-06-02 |l 0 |r 2021-06-02 00:00:00 |w 2021-06-02 |y EBOOK | ||
| 999 | |c 35779 |d 35779 | ||
